| 000 | 00371nam a22001577a 4500 | ||
|---|---|---|---|
| 003 | OSt | ||
| 005 | 20240813124551.0 | ||
| 007 | 339 pages | ||
| 008 | 240813b |||||||| |||| 00| 0 eng d | ||
| 020 | _a978939204457 | ||
| 040 | _c | ||
| 245 |
_aEthics in engineering _cMartin,Mike W |
||
| 250 | _a4 | ||
| 260 |
_bMcgraw hill _c2005 |
||
| 942 |
_2ddc _cBK _e4 _k174.962 _mMAR _n0 |
||
| 999 |
_c36071 _d36071 |
||